Panel gospodarstw domowych w badaniach rynku studium metodyczne nad skutecznoscia technik badawczych oraz funkcjonowaniem panelu

Salvato in:
Dettagli Bibliografici
Autore principale: Garczarczyk, Józef
Natura: Libro
Lingua:polacco
Pubblicazione: Poznan Akademia ekonomiczna 1984
Serie:Zeszyty naukowe - seria 2 zeszyt 84
Tags: Aggiungi Tag
Nessun Tag, puoi essere il primo ad aggiungerne!!

MARC

LEADER 00000nam a2200000 4500
001 c115083
005 20250630080216.4
041 0 |a pol 
044 |a PL 
245 1 0 |a Panel gospodarstw domowych w badaniach rynku  |b studium metodyczne nad skutecznoscia technik badawczych oraz funkcjonowaniem panelu  |c Józef Garczarczyk 
264 1 |a Poznan  |b Akademia ekonomiczna  |c 1984 
300 |a 164 s. 
490 1 |a Zeszyty naukowe - seria 2  |v zeszyt 84 
830 0 |a Zeszyty naukowe - seria 2  |v zeszyt 84 
100 1 |a Garczarczyk, Józef